Silk and steel: Asian women workers confront challenges of industrial restructuring (Record no. 352)
[ view plain ]
| 000 -LEADER | |
|---|---|
| fixed length control field | 005940000a22001570004500 |
| 005 - DATE AND TIME OF LATEST TRANSACTION | |
| control field | 20231127110632.0 |
| 008 - FIXED-LENGTH DATA ELEMENTS--GENERAL INFORMATION | |
| fixed length control field | 230817t1995 ||||| |||| 00| 0 eng d |
| 082 ## - DEWEY DECIMAL CLASSIFICATION NUMBER | |
| Classification number | 331.4 |
| Item number | SIL |
| 942 ## - ADDED ENTRY ELEMENTS (KOHA) | |
| Item Type | Books |
| 700 ## - ADDED ENTRY--PERSONAL NAME | |
| Personal name | O'Sullivan, Helene |
| Relator Term | editor |
| 245 ## - TITLE STATEMENT | |
| Title | Silk and steel: Asian women workers confront challenges of industrial restructuring |
| Sub Title | Research papers and consultation recommendations on the impact of industrial restructuring on women workers in Asia |
| 260 ## - PUBLICATION, DISTRIBUTION, ETC. (IMPRINT) | |
| Place of Publication | Kowloon: |
| Name of Publisher | Committee for Asian Women |
| Date of Copyright | 1995 |
| 300 ## - PHYSICAL DESCRIPTION | |
| Extent | 304 p. |
| 650 ## - SUBJECT ADDED ENTRY--TOPICAL TERM | |
| Topical Term | INDUSTRIAL RESTRUCTURING |
| 650 ## - SUBJECT ADDED ENTRY--TOPICAL TERM | |
| Topical Term | Women workers-Asia |
| Withdrawn status | Lost status | Source of classification or shelving scheme | Damaged status | Not for loan | Permanent location | Current location | Date acquired | Total Checkouts | Full call number | Barcode | Date last seen | Price effective from | Koha item type |
|---|---|---|---|---|---|---|---|---|---|---|---|---|---|
| Dewey Decimal Classification | Resource center, Muslim Women's Research And Action Forum | Resource center, Muslim Women's Research And Action Forum | 2023-08-17 | 331.4 SIL | RAF3199 | 2023-08-17 | 2023-08-17 | Reports |

